<?xml version="1.0" encoding="UTF-8"?>
<record
    xmlns:xsi="http://www.w3.org/2001/XMLSchema-instance"
    xsi:schemaLocation="http://www.loc.gov/MARC21/slim http://www.loc.gov/standards/marcxml/schema/MARC21slim.xsd"
    xmlns="http://www.loc.gov/MARC21/slim">

  <leader>03641cam a2200457 i 4500</leader>
  <controlfield tag="001">19591502</controlfield>
  <controlfield tag="003">OSt</controlfield>
  <controlfield tag="005">20251211135624.0</controlfield>
  <controlfield tag="008">170407t20182018ctuab    b    001 0 eng c</controlfield>
  <datafield tag="010" ind1=" " ind2=" ">
    <subfield code="a">  2017939210</subfield>
  </datafield>
  <datafield tag="020" ind1=" " ind2=" ">
    <subfield code="a">9780300207729</subfield>
    <subfield code="q">(hardcover)</subfield>
  </datafield>
  <datafield tag="020" ind1=" " ind2=" ">
    <subfield code="a">0300207727</subfield>
    <subfield code="q">(hardcover)</subfield>
  </datafield>
  <datafield tag="035" ind1=" " ind2=" ">
    <subfield code="a">19591502</subfield>
  </datafield>
  <datafield tag="035" ind1=" " ind2=" ">
    <subfield code="a">(OCoLC)1032304958</subfield>
  </datafield>
  <datafield tag="040" ind1=" " ind2=" ">
    <subfield code="a">ZNT</subfield>
    <subfield code="b">eng</subfield>
    <subfield code="c">ZNT</subfield>
    <subfield code="e">rda</subfield>
    <subfield code="d">NBU</subfield>
    <subfield code="d">ZYU</subfield>
    <subfield code="d">INU</subfield>
    <subfield code="d">VP@</subfield>
    <subfield code="d">YDX</subfield>
    <subfield code="d">TOH</subfield>
    <subfield code="d">GSU</subfield>
    <subfield code="d">OCLCQ</subfield>
    <subfield code="d">BNG</subfield>
    <subfield code="d">OCLCF</subfield>
    <subfield code="d">IAI</subfield>
    <subfield code="d">DLC</subfield>
  </datafield>
  <datafield tag="042" ind1=" " ind2=" ">
    <subfield code="a">pcc</subfield>
  </datafield>
  <datafield tag="050" ind1="0" ind2="0">
    <subfield code="a">HT151</subfield>
    <subfield code="b">.M76 2018</subfield>
  </datafield>
  <datafield tag="082" ind1="0" ind2="0">
    <subfield code="a">307.76 M76 2018</subfield>
    <subfield code="2">23</subfield>
  </datafield>
  <datafield tag="100" ind1="1" ind2=" ">
    <subfield code="a">Mumford, Eric Paul,</subfield>
    <subfield code="d">1958-</subfield>
    <subfield code="e">author.</subfield>
  </datafield>
  <datafield tag="245" ind1="1" ind2="0">
    <subfield code="a">Designing the modern city :</subfield>
    <subfield code="b">urbanism since 1850 /</subfield>
    <subfield code="c">Eric Mumford.</subfield>
  </datafield>
  <datafield tag="246" ind1="3" ind2="0">
    <subfield code="a">Urbanism since 1850</subfield>
  </datafield>
  <datafield tag="264" ind1=" " ind2="1">
    <subfield code="a">New Haven ;</subfield>
    <subfield code="a">London :</subfield>
    <subfield code="b">Yale University Press,</subfield>
    <subfield code="c">[2018]</subfield>
  </datafield>
  <datafield tag="264" ind1=" " ind2="4">
    <subfield code="c">&#xA9;2018</subfield>
  </datafield>
  <datafield tag="300" ind1=" " ind2=" ">
    <subfield code="a">vii, 352 pages :</subfield>
    <subfield code="b">illustrations, maps ;</subfield>
    <subfield code="c">26 cm</subfield>
  </datafield>
  <datafield tag="336" ind1=" " ind2=" ">
    <subfield code="a">text</subfield>
    <subfield code="b">txt</subfield>
    <subfield code="2">rdacontent</subfield>
  </datafield>
  <datafield tag="337" ind1=" " ind2=" ">
    <subfield code="a">unmediated</subfield>
    <subfield code="b">n</subfield>
    <subfield code="2">rdamedia</subfield>
  </datafield>
  <datafield tag="338" ind1=" " ind2=" ">
    <subfield code="a">volume</subfield>
    <subfield code="b">nc</subfield>
    <subfield code="2">rdacarrier</subfield>
  </datafield>
  <datafield tag="504" ind1=" " ind2=" ">
    <subfield code="a">Includes bibliographical references and index.</subfield>
  </datafield>
  <datafield tag="505" ind1="0" ind2=" ">
    <subfield code="a">Introduction -- The emergence of modern urbanism : European cities in the nineteenth century -- Cities in the Americas and the international influence of the City Beautiful movement -- From tenement reform to regional planning, 1840-1932 -- The emergence of avant-garde urbanism in the 1920s and 1930s -- Mid-twentieth-century modern urbanism -- Urban design, Team 10, and Metabolism after 1953 -- Crisis of Utopia : rejections and revisions of modern planning -- Globalization and urbanism from the 1950s to the present -- Conclusion.</subfield>
  </datafield>
  <datafield tag="520" ind1=" " ind2=" ">
    <subfield code="a">"A comprehensive new survey tracing the global history of urbanism and urban design from the industrial revolution to the present. Written with an international perspective that encourages cross-cultural comparisons, leading architectural and urban historian Eric Mumford presents a comprehensive survey of urbanism and urban design since the industrial revolution. Beginning in the second half of the 19th century, technical, social, and economic developments set cities and the world's population on a course of massive expansion. Mumford recounts how key figures in design responded to these changing circumstances with both practicable proposals and theoretical frameworks, ultimately creating what are now mainstream ideas about how urban environments should be designed, as well as creating the field called "urbanism." He then traces the complex outcomes of approaches that emerged in European, American, and Asian cities. This erudite and insightful book addresses the modernization of the traditional city, including mass transit and sanitary sewer systems, building legislation, and model tenement and regional planning approaches. It also examines the urban design concepts of groups such as CIAM (International Congresses of Modern Architecture) and Team 10, and their adherents and critics, including those of the Congress for the New Urbanism, as well as efforts toward ecological urbanism. Highlighting built as well as unbuilt projects, Mumford offers a sweeping guide to the history of designers' efforts to shape cities."--</subfield>
    <subfield code="c">Publisher's website.</subfield>
  </datafield>
  <datafield tag="650" ind1=" " ind2="0">
    <subfield code="a">Urban policy.</subfield>
  </datafield>
  <datafield tag="650" ind1=" " ind2="0">
    <subfield code="a">Cities and towns.</subfield>
  </datafield>
  <datafield tag="650" ind1=" " ind2="0">
    <subfield code="a">City planning.</subfield>
  </datafield>
  <datafield tag="650" ind1=" " ind2="7">
    <subfield code="a">Cities and towns.</subfield>
    <subfield code="2">fast</subfield>
    <subfield code="0">(OCoLC)fst00861748</subfield>
  </datafield>
  <datafield tag="650" ind1=" " ind2="7">
    <subfield code="a">City planning.</subfield>
    <subfield code="2">fast</subfield>
    <subfield code="0">(OCoLC)fst00862177</subfield>
  </datafield>
  <datafield tag="650" ind1=" " ind2="7">
    <subfield code="a">Urban policy.</subfield>
    <subfield code="2">fast</subfield>
    <subfield code="0">(OCoLC)fst01162489</subfield>
  </datafield>
  <datafield tag="906" ind1=" " ind2=" ">
    <subfield code="a">7</subfield>
    <subfield code="b">cbc</subfield>
    <subfield code="c">pccadap</subfield>
    <subfield code="d">2</subfield>
    <subfield code="e">ncip</subfield>
    <subfield code="f">20</subfield>
    <subfield code="g">y-gencatlg</subfield>
  </datafield>
  <datafield tag="942" ind1=" " ind2=" ">
    <subfield code="2">ddc</subfield>
    <subfield code="c">BK-EN</subfield>
    <subfield code="n">0</subfield>
  </datafield>
  <datafield tag="999" ind1=" " ind2=" ">
    <subfield code="c">8302</subfield>
    <subfield code="d">8302</subfield>
  </datafield>
  <datafield tag="952" ind1=" " ind2=" ">
    <subfield code="0">0</subfield>
    <subfield code="1">0</subfield>
    <subfield code="2">ddc</subfield>
    <subfield code="4">0</subfield>
    <subfield code="7">0</subfield>
    <subfield code="a">CENTRAL</subfield>
    <subfield code="b">TUWAIQ</subfield>
    <subfield code="d">2025-12-28</subfield>
    <subfield code="l">0</subfield>
    <subfield code="o">307.76 M76 2018</subfield>
    <subfield code="p">1000000025612</subfield>
    <subfield code="r">2025-12-28 16:52:38</subfield>
    <subfield code="w">2025-12-28</subfield>
    <subfield code="y">BK-EN</subfield>
  </datafield>
</record>
